000 00948nam a22002417a 4500
001 81144
003 BD-RjUL
005 20231204103411.0
008 230130s2016 bg a|||| m||| 00| 0 eng d
035 _a(BD-RjUL)81144
040 _aBD-RjUL
_beng
_cBD-RjUL
_dBD-RjUL
041 _aeng
082 _223
_a306.8545492
_bSAC 2016
100 _aSarker, Samiran
_96756
245 1 0 _aA Comparative study of the elderly living in old age home and Urban Family in Bangladesh /
_cSamiran Sarker ;
_6Supervisor : Md. Faizar Rahman.
260 _aRajshahi :
_bInstitute of Bangladesh Studies, University of Rajshahi,
_c2016
300 _axix, 284 leaves :
_bill, ;
_c29.cm.
502 _aThesis (Ph. D.) -- Institute of Bangladesh Studies, University of Rajshahi, 2016
504 _aBibliography : Leaves 272 -284
650 _aUrban Family
_vCulture and Institutions
_zBangladesh
_96757
700 _aRahman. Md. Faizar, Supervisor
_93718
942 _2ddc
_cTHE
999 _c81144
_d81144